Estatísticas para Capitais da Europa - Um minuto de sprint

Clique aqui para jogar o quiz

Estatísticas Gerais

  • Esse quiz foi jogado 608 vezes
  • A pontuação média é 18 de 45

Estatísticas das Respostas

capital% Correto
Lisboa
86%
Madrid
84%
Paris
80%
Londres
77%
Berlim
74%
Roma
67%
Oslo
59%
Moscovo
55%
Dublin
54%
Amesterdão
52%
Bruxelas
50%
Estocolmo
50%
Kiev
46%
Vaticano
45%
Budapeste
42%
Helsínquia
42%
Atenas
41%
Varsóvia
41%
Luxemburgo
38%
Viena
38%
Berna
37%
Tirana
37%
Bucareste
36%
Andorra-a-Velha
34%
Minsk
32%
Vaduz
32%
Belgrado
31%
Monaco
31%
Praga
30%
San Marino
30%
Sofia
29%
Copenhaga
28%
Liubliana
28%
Tallinn
28%
Escópia
26%
Valeta
26%
Vilnius
26%
Riga
25%
Bratislava
24%
Reykjavík
24%
Zagreb
24%
Podgorica
20%
Sarajevo
19%
Chișinău
18%
Pristina
15%

Distribuição das Pontuações

Percentil de Números Respondidos

Porcentagem de Pessoas com Cada Pontuação

Sua Pontuação Histórica

Você não jogou esse quiz